000 00514nam a22001817a 4500
005 20241001122005.0
008 240930b |||||||| |||| 00| 0 eng d
020 _a978-93-6180-596-7
041 _aeng
082 _a615.1
100 _aOTARI, DR. K.V. & PATANI. DR.PRAGNESH AND MISHRA, DR. PANKAJ
_98585
245 _aPHARMACOLOGY - II : B.PHARMA, 5TH SEMESTER
250 _a2ND.ED. 2025
260 _aLUCKNOW
_bTHAKUR PUBLICATION PVT.LTD
300 _a232;P
650 _aPHARMACY
_xB.PHARMA
942 _cBK
999 _c8716
_d8714